[Event "4NCL Division 1a"]
[Site "Birmingham, ENG ENG"]
[Date "2015.11.15"]
[Round "2.111"]
[White "Tan, Justin"]
[Black "Hawkins, Jonathan"]
[Result "0-1"]
[WhiteElo "2446"]
[BlackElo "2563"]
[PlyCount "74"]
[EventDate "2015.11.15"]
[WhiteTeam "Oxford 1"]
[BlackTeam "Cheddleton 1"]

1. e4 c5 2. Nf3 e6 3. c3 Nf6 4. e5 Nd5 5. d4 cxd4 6. cxd4 d6 7. Bc4 Nc6 8. O-O
Be7 9. Bd2 Nb6 10. Bb3 dxe5 11. dxe5 O-O 12. Nc3 Nd7 13. Qe2 Ndxe5 14. Nxe5
Nxe5 15. Qxe5 Qxd2 16. Ne4 Qb4 17. Rfd1 Qb6 18. Rac1 Rd8 19. h3 a5 20. Rxd8+
Qxd8 21. Rd1 Qf8 22. a4 b6 23. Nd6 Ra7 24. Ne4 Rd7 25. Rc1 Qd8 26. Rc3 Rd3 27.
Rxd3 Qxd3 28. Nc3 Bd6 29. Qg5 Bc5 30. Qf4 Qd4 31. Qf3 Bb7 32. Qg3 e5 33. Nd1
Bd5 34. Kh2 Bxb3 35. Qxb3 Qd2 36. Qf3 e4 37. Qg4 g6 0-1

[Event "4NCL Division 1a"]
[Site "Birmingham, ENG ENG"]
[Date "2015.11.15"]
[Round "2.112"]
[White "Fodor, Tamas Jr"]
[Black "Martins, David Pires Tavares"]
[Result "1/2-1/2"]
[WhiteElo "2491"]
[BlackElo "2365"]
[PlyCount "146"]
[EventDate "2015.11.15"]
[WhiteTeam "Cheddleton 1"]
[BlackTeam "Oxford 1"]

1. d4 e6 2. c4 f5 3. g3 Nf6 4. Bg2 d5 5. Nf3 c6 6. O-O Bd6 7. Nc3 O-O 8. Qc2
Nbd7 9. Ng5 Qe7 10. cxd5 exd5 11. Qxf5 h6 12. Qe6+ Qxe6 13. Nxe6 Re8 14. Nf4
Nb6 15. Nd3 Bf5 16. Rd1 Ne4 17. Bxe4 Bxe4 18. Bf4 Bxd3 19. Rxd3 Bb4 20. Kf1 g5
21. Bd2 Kg7 22. b3 Kg6 23. f3 Re7 24. Nd1 Bxd2 25. Rxd2 Nc8 26. Rd3 Nd6 27. Re3
Rae8 28. Kf2 Nf5 29. Rxe7 Rxe7 30. e3 h5 31. Rc1 g4 32. fxg4 hxg4 33. Rc2 Nd6
34. Re2 Ne4+ 35. Kg2 Ng5 36. Nf2 Kf5 37. Nd3 Nf3 38. Nf4 Rh7 39. h4 gxh3+ 40.
Nxh3 Rxh3 41. Kxf3 Rh1 42. Rf2 Re1 43. Rh2 Rf1+ 44. Ke2 Ra1 45. Rh7 Rxa2+ 46.
Kf3 b6 47. Rc7 Rb2 48. g4+ Kg5 49. Rxc6 Rxb3 50. Re6 a5 51. Re5+ Kg6 52. Rxd5
a4 53. Kf4 a3 54. Rd6+ Kf7 55. Rd7+ Ke6 56. Ra7 b5 57. e4 b4 58. Ra6+ Kd7 59.
d5 Rc3 60. g5 Rc1 61. g6 Rg1 62. e5 b3 63. e6+ Ke7 64. Ra7+ Kf6 65. e7 Rf1+ 66.
Kg3 Re1 67. Rxa3 Kxe7 68. Rxb3 Rg1+ 69. Kf4 Rxg6 70. Rb7+ Kd8 71. Ke5 Rh6 72.
Rg7 Ra6 73. d6 Ra1 1/2-1/2

[Event "4NCL Division 1a"]
[Site "Birmingham, ENG ENG"]
[Date "2015.11.15"]
[Round "2.113"]
[White "Zakarian, David"]
[Black "Hamitevici, Vladimir"]
[Result "1/2-1/2"]
[WhiteElo "2379"]
[BlackElo "2430"]
[PlyCount "160"]
[EventDate "2015.11.15"]
[WhiteTeam "Oxford 1"]
[BlackTeam "Cheddleton 1"]

1. e4 c6 2. c4 d5 3. exd5 cxd5 4. cxd5 Nf6 5. Nc3 g6 6. Qa4+ Nbd7 7. Nf3 Bg7 8.
Be2 O-O 9. O-O Nb6 10. Qh4 Nbxd5 11. d4 Bf5 12. Ne5 Rc8 13. Nxd5 Qxd5 14. b3
Be4 15. Bc4 Qxd4 16. Bf4 Rcd8 17. Rae1 Bd5 18. Rd1 Qe4 19. f3 Qf5 20. Bd3 Qe6
21. Rfe1 Qb6+ 22. Be3 Qa5 23. Qf2 b6 24. Bc4 Rfe8 25. a4 Bxc4 26. Nc6 Qa6 27.
Rxd8 Rxd8 28. Nxd8 Bxb3 29. Rc1 Nd5 30. Qd2 e6 31. Nc6 Bf8 32. Bd4 Qxa4 33. Ne5
f6 34. Ng4 e5 35. Bf2 Qf4 36. Qb2 a5 37. Nxf6+ Qxf6 38. Qxb3 Qf7 39. Qb5 Nf4
40. Bxb6 a4 41. g3 Nd5 42. Kg2 a3 43. Bc5 Bxc5 44. Qxc5 a2 45. Qa3 Qe6 46. Kh1
e4 47. Qxa2 exf3 48. Rd1 f2 49. Qxf2 Nf6 50. Qc5 Kg7 51. Qc7+ Kh6 52. Qf4+ g5
53. Qd4 Kg6 54. Kg1 g4 55. Rf1 Kg5 56. Rb1 Qe2 57. Rb6 Qe1+ 58. Kg2 Qe2+ 59.
Qf2 Qe4+ 60. Kg1 Qe5 61. Qd2+ Kg6 62. Qd3+ Kg7 63. Rb5 Qa1+ 64. Rb1 Qa7+ 65.
Kf1 Qa8 66. Kf2 Qa2+ 67. Ke3 Qxh2 68. Rb7+ Kh6 69. Kd4 Qh1 70. Rb5 Qa1+ 71. Ke3
Qe1+ 72. Kf4 Qe6 73. Qf5 Qc4+ 74. Ke3 Qc1+ 75. Ke2 Qc4+ 76. Kd1 Qd4+ 77. Kc1
Qe3+ 78. Kb2 Qd4+ 79. Kb3 Qe3+ 80. Kb2 Qd4+ 1/2-1/2

[Event "4NCL Division 1a"]
[Site "Birmingham, ENG ENG"]
[Date "2015.11.15"]
[Round "2.114"]
[White "Eggleston, David J"]
[Black "Claridge-Hansen, William"]
[Result "1-0"]
[WhiteElo "2399"]
[BlackElo "2300"]
[PlyCount "107"]
[EventDate "2015.11.15"]
[WhiteTeam "Cheddleton 1"]
[BlackTeam "Oxford 1"]

1. e4 c5 2. Nf3 g6 3. d4 cxd4 4. Nxd4 Bg7 5. c4 Nc6 6. Nc2 d6 7. Be2 Nh6 8. Nc3
f5 9. h4 fxe4 10. h5 Nf5 11. h6 Bxc3+ 12. bxc3 Qa5 13. Qd2 Ne5 14. Rh3 Be6 15.
g4 Bxc4 16. Bxc4 Nxc4 17. Qe2 Ne5 18. Qxe4 Nh4 19. Rxh4 Qxc3+ 20. Kd1 Nd3 21.
Qd4 Qxd4 22. Nxd4 Nxf2+ 23. Ke2 Ne4 24. g5 Nc3+ 25. Kd3 Nd5 26. Rb1 e5 27. Nb5
Kd7 28. Ba3 Nf4+ 29. Kd2 d5 30. Bb2 Ne6 31. Bxe5 Nxg5 32. Nd4 Rhf8 33. Rxb7+
Ke8 34. Rg4 Ne4+ 35. Ke3 Rc8 36. Nb5 Rf7 37. Rxf7 Kxf7 38. Nc7 Nc3 39. Kd3 Nxa2
40. Ra4 Nc1+ 41. Kc2 Ne2 42. Rxa7 g5 43. Kd3 Ng1 44. Nxd5+ Ke6 45. Ke4 Rc4+ 46.
Bd4 Ne2 47. Nc7+ Kd7 48. Nb5+ Kc6 49. Kd3 Rb4 50. Kxe2 Rxb5 51. Rxh7 Kd5 52.
Rd7+ Ke6 53. Ra7 g4 54. h7 1-0

[Event "4NCL Division 1a"]
[Site "Birmingham, ENG ENG"]
[Date "2015.11.15"]
[Round "2.115"]
[White "Harvey, Marcus R"]
[Black "Colovic, Aleksandar"]
[Result "0-1"]
[WhiteElo "2341"]
[BlackElo "2456"]
[PlyCount "168"]
[EventDate "2015.11.15"]
[WhiteTeam "Oxford 1"]
[BlackTeam "Cheddleton 1"]

1. Nf3 d5 2. g3 c6 3. Bg2 Bg4 4. O-O Nf6 5. d4 Nbd7 6. Nbd2 e6 7. b3 Bd6 8. Bb2
O-O 9. Ne5 Bf5 10. f3 Nxe5 11. dxe5 Bc5+ 12. Kh1 Nd7 13. e4 dxe4 14. fxe4 Bg6
15. h4 h6 16. Nc4 h5 17. a4 Qc7 18. Qe2 Rad8 19. Bc3 b5 20. Ba5 Nb6 21. axb5
cxb5 22. Nd6 Bxd6 23. exd6 Qxd6 24. e5 Qc5 25. Qf2 Qxe5 26. Bb4 Rfe8 27. Rxa7
Nd5 28. Re1 Qf5 29. Qxf5 Bxf5 30. Bc5 Bxc2 31. Bf1 Ra8 32. Bxb5 Rxa7 33. Bxe8
Rb7 34. Bc6 Rxb3 35. Bxd5 exd5 36. Re3 Be4+ 37. Kg1 Rb2 38. Ra3 f6 39. Kf1 Kh7
40. Ra7 Rb3 41. Ra3 Rb5 42. Be3 Rb4 43. Bc5 Rc4 44. Bf8 Rc8 45. Bd6 Rd8 46. Bc5
Kg6 47. Bd4 Rb8 48. Ke2 Kf5 49. Ra7 Rb4 50. Ba1 g6 51. Ra6 Kg4 52. Rd6 Kxg3 53.
Bxf6 Rb3 54. Rd8 Kg4 55. Rc8 Rh3 56. Rc1 Kf5 57. Bg5 d4 58. Rf1+ Ke5 59. Rf8
Rh2+ 60. Ke1 Bf5 61. Re8+ Kd5 62. Ra8 d3 63. Rd8+ Kc4 64. Rd6 Re2+ 65. Kd1 Bg4
66. Rd8 Rh2+ 67. Ke1 Kc3 68. Rd6 Re2+ 69. Kf1 Bh3+ 70. Kg1 d2 71. Rc6+ Kb3 72.
Bxd2 Rxd2 73. Rxg6 Bg4 74. Rc6 Rc2 75. Rd6 Kc3 76. Kf1 Rd2 77. Rb6 Kd4 78. Kg1
Ke4 79. Rf6 Ke5 80. Rf8 Rb2 81. Kh1 Bf5 82. Rh8 Kf4 83. Rxh5 Kg3 84. Rxf5 Rb1+
0-1

[Event "4NCL Division 1a"]
[Site "Birmingham, ENG ENG"]
[Date "2015.11.15"]
[Round "2.116"]
[White "Kirk, Ezra"]
[Black "Hansen, Hans-Peter"]
[Result "1-0"]
[WhiteElo "2287"]
[BlackElo "2261"]
[PlyCount "93"]
[EventDate "2015.11.15"]
[WhiteTeam "Cheddleton 1"]
[BlackTeam "Oxford 1"]

1. d4 Nf6 2. c4 e6 3. Nf3 b6 4. a3 Ba6 5. Qa4 Bb7 6. Nc3 c5 7. dxc5 Bxc5 8. Bg5
Be7 9. e3 O-O 10. Rd1 d6 11. Be2 a6 12. O-O Nbd7 13. b4 Qc7 14. Qb3 Rac8 15.
Rc1 Rfd8 16. Rfd1 Nf8 17. Nd4 Ng6 18. Qb1 Ne5 19. Na4 h6 20. Bh4 Be4 21. Qb2
Ng6 22. Bg3 e5 23. Nf3 Qb8 24. Nc3 Bb7 25. h3 Qa8 26. Qb3 Ne4 27. Nxe4 Bxe4 28.
Kh2 h5 29. Kg1 h4 30. Bh2 Bf6 31. Ne1 Qc6 32. Bg4 Be7 33. f3 d5 34. Bxc8 Rxc8
35. fxe4 dxc4 36. Qc2 a5 37. Rb1 axb4 38. axb4 Bg5 39. Nf3 Bxe3+ 40. Kh1 f6 41.
Bg1 Bxg1 42. Kxg1 Nf4 43. Nxh4 b5 44. Nf5 Rc7 45. Rd6 Qb7 46. Ra1 Kh7 47. Kh2
1-0

[Event "4NCL Division 1a"]
[Site "Birmingham, ENG ENG"]
[Date "2015.11.15"]
[Round "2.117"]
[White "Monev, Aleksandar"]
[Black "Radovanovic, Jovica"]
[Result "1/2-1/2"]
[WhiteElo "2161"]
[BlackElo "2320"]
[PlyCount "143"]
[EventDate "2015.11.15"]
[WhiteTeam "Oxford 1"]
[BlackTeam "Cheddleton 1"]

1. c4 e5 2. Nc3 Nf6 3. Nf3 d6 4. d3 g6 5. g3 Bg7 6. Bg2 O-O 7. O-O Re8 8. e4 c6
9. Ne1 Na6 10. h3 Nc5 11. f4 Nh5 12. Qf3 exf4 13. Bxf4 Nxf4 14. Qxf4 Ne6 15.
Qd2 Be5 16. g4 Nd4 17. Nf3 Nxf3+ 18. Rxf3 Be6 19. d4 Bg7 20. d5 Bd7 21. Raf1
Rf8 22. dxc6 bxc6 23. Qxd6 Be6 24. Qxc6 Rc8 25. Qa4 Rxc4 26. Qc2 Qa5 27. Rc1
Rfc8 28. Qd2 Rd4 29. Qe2 Rcd8 30. Nd5 Bxd5 31. exd5 R4xd5 32. Kh1 Qxa2 33. Re3
R5d7 34. Re8+ Bf8 35. Rf1 Rxe8 36. Qxe8 Qe6 37. Qb8 Kg7 38. Qb5 Bd6 39. Rd1 Re7
40. Qc6 Be5 41. Qxe6 fxe6 42. b4 Rc7 43. b5 Rc3 44. Bf1 Rc7 45. Kg2 Bf4 46. Kf3
g5 47. Bd3 Kf6 48. Ke4 h6 49. Ra1 Rc5 50. Kf3 Re5 51. Bf1 Re3+ 52. Kg2 Rg3+ 53.
Kh1 Be3 54. Bg2 Bb6 55. Rf1+ Ke5 56. Rf3 Rxf3 57. Bxf3 Kf4 58. Kg2 Ke3 59. Bd1
e5 60. Kf1 e4 61. Be2 Bc5 62. Bc4 Kf3 63. Bd5 Ke3 64. Bc4 Bd6 65. Be2 Kf4 66.
Kg2 Bc5 67. Bd1 Bb6 68. Be2 Ke3 69. Kf1 Bc5 70. Bd1 Bd4 71. Be2 Kf4 72. Kg2
1/2-1/2

[Event "4NCL Division 1a"]
[Site "Birmingham, ENG ENG"]
[Date "2015.11.15"]
[Round "2.121"]
[White "Fernandez, Daniel Howard"]
[Black "Parker, Jonathan F"]
[Result "1/2-1/2"]
[WhiteElo "2476"]
[BlackElo "2525"]
[PlyCount "33"]
[EventDate "2015.11.15"]
[WhiteTeam "Guildford 2"]
[BlackTeam "Barbican 4NCL 1"]

1. e4 e5 2. Nf3 Nc6 3. Bc4 Bc5 4. c3 Nf6 5. d3 O-O 6. O-O d5 7. exd5 Nxd5 8.
Re1 Bg4 9. Nbd2 Bb6 10. Nf1 f6 11. Ne3 Be6 12. Bb3 Qd7 13. Nc4 Rad8 14. d4 exd4
15. Nxb6 axb6 16. Nxd4 Bf7 17. Nxc6 1/2-1/2

[Event "4NCL Division 1a"]
[Site "Birmingham, ENG ENG"]
[Date "2015.11.15"]
[Round "2.122"]
[White "Collins, Sam E"]
[Black "Martin, Andrew D"]
[Result "1-0"]
[WhiteElo "2456"]
[BlackElo "2375"]
[PlyCount "77"]
[EventDate "2015.11.15"]
[WhiteTeam "Barbican 4NCL 1"]
[BlackTeam "Guildford 2"]

1. e4 e6 2. d4 d5 3. Nc3 dxe4 4. Nxe4 Bd7 5. Nf3 Bc6 6. Bd3 Nd7 7. O-O Ngf6 8.
Ng3 g6 9. b3 Bg7 10. Ba3 Bf8 11. Bb2 Bg7 12. Ba3 Bf8 13. Bb2 Bg7 14. Re1 O-O
15. c4 a5 16. a3 Re8 17. h3 b6 18. Qe2 Qc8 19. Ne5 Nxe5 20. dxe5 Nd7 21. Rad1
Qb7 22. f4 Red8 23. Kh2 Qc8 24. f5 Nc5 25. fxg6 hxg6 26. Bc2 Rxd1 27. Rxd1 Qf8
28. h4 Bh6 29. Qg4 Qg7 30. b4 Ba4 31. Bxa4 Nxa4 32. Ba1 axb4 33. axb4 Qf8 34.
h5 Rd8 35. Ne4 Rxd1 36. Qxd1 Qxb4 37. hxg6 Qxc4 38. Qd8+ Bf8 39. Qh4 1-0

[Event "4NCL Division 1a"]
[Site "Birmingham, ENG ENG"]
[Date "2015.11.15"]
[Round "2.123"]
[White "Kilpatrick, Callum"]
[Black "Turner, Matthew J"]
[Result "0-1"]
[WhiteElo "2352"]
[BlackElo "2491"]
[PlyCount "104"]
[EventDate "2015.11.15"]
[WhiteTeam "Guildford 2"]
[BlackTeam "Barbican 4NCL 1"]

1. e4 c5 2. Nf3 d6 3. Bc4 Nc6 4. c3 Nf6 5. d3 g6 6. O-O Bg7 7. Nbd2 O-O 8. Re1
b6 9. Nf1 Ne5 10. Nxe5 dxe5 11. Ng3 Qc7 12. a4 Ne8 13. a5 Rb8 14. axb6 axb6 15.
Be3 Nd6 16. Bb3 Bd7 17. Qd2 b5 18. Bh6 c4 19. Bxg7 Kxg7 20. Bc2 cxd3 21. Bxd3
f6 22. Nf1 Ra8 23. Ne3 Be6 24. Nc2 Rxa1 25. Rxa1 Qb7 26. Re1 Rd8 27. Qe3 Bc4
28. Nb4 Bxd3 29. Qxd3 Qa8 30. h3 Nc4 31. Qb1 Rd2 32. b3 Qa7 33. Rf1 Rb2 34. Qa1
Qxa1 35. Rxa1 Rxb3 36. Ra7 Kf8 37. Nd5 Rb1+ 38. Kh2 Nd2 39. h4 Nxe4 40. f3 Nd2
41. Rb7 Nc4 42. Nxe7 Ne3 43. c4 e4 44. fxe4 Rb3 45. Rxb5 Ng4+ 46. Kg1 Rc3 47.
Kf1 Kxe7 48. Rb7+ Ke6 49. Rxh7 Rxc4 50. h5 g5 51. h6 Rc1+ 52. Ke2 Rh1 0-1

[Event "4NCL Division 1a"]
[Site "Birmingham, ENG ENG"]
[Date "2015.11.15"]
[Round "2.124"]
[White "D`Costa, Lorin A R"]
[Black "Wadsworth, Matthew J"]
[Result "1/2-1/2"]
[WhiteElo "2420"]
[BlackElo "2252"]
[PlyCount "95"]
[EventDate "2015.11.15"]
[WhiteTeam "Barbican 4NCL 1"]
[BlackTeam "Guildford 2"]

1. d4 d5 2. c4 c6 3. Nf3 Nf6 4. Nc3 a6 5. c5 Nbd7 6. Bf4 Nh5 7. Bg5 h6 8. Bd2
Nhf6 9. Bf4 Nh5 10. Be5 Nxe5 11. Nxe5 Nf6 12. Qc2 Be6 13. e3 Nd7 14. f4 Nxe5
15. fxe5 g5 16. Bd3 Bg7 17. h4 g4 18. h5 O-O 19. Ne2 Qa5+ 20. Qd2 Qxd2+ 21.
Kxd2 f5 22. Nf4 Bc8 23. b4 e6 24. a4 Rf7 25. b5 a5 26. Rhb1 Rc7 27. bxc6 bxc6
28. Rb6 Kf7 29. Rab1 Bf8 30. Rb8 Raa7 31. g3 Be7 32. R1b6 Bg5 33. Ng6 Kg7 34.
Ke2 Kf7 35. Kd2 Kg7 36. Be2 Kf7 37. Nf4 Bxf4 38. exf4 Ke7 39. Kc3 Kf7 40. Kb2
Ke7 41. Ka3 Kf7 42. Bb5 Bd7 43. Ba6 Be8 44. Bc8 Re7 45. Bb7 Rc7 46. Bc8 Re7 47.
Bb7 Rc7 48. Bc8 1/2-1/2

[Event "4NCL Division 1a"]
[Site "Birmingham, ENG ENG"]
[Date "2015.11.15"]
[Round "2.125"]
[White "Wall, Gavin"]
[Black "Jackson, James P"]
[Result "1-0"]
[WhiteElo "2325"]
[BlackElo "2368"]
[PlyCount "107"]
[EventDate "2015.11.15"]
[WhiteTeam "Guildford 2"]
[BlackTeam "Barbican 4NCL 1"]

1. e4 e5 2. Nf3 Nc6 3. Bc4 Nf6 4. d3 Be7 5. O-O O-O 6. Re1 d6 7. a4 Be6 8. Nbd2
Qd7 9. a5 a6 10. c3 Rfe8 11. Nf1 d5 12. exd5 Bxd5 13. Ne3 Bxc4 14. Nxc4 Bd6 15.
Qb3 Rab8 16. Bg5 Nd5 17. Rad1 h6 18. Bh4 Nf4 19. Bg3 g5 20. Bxf4 exf4 21. Rxe8+
Qxe8 22. Nxd6 cxd6 23. Re1 Qd8 24. Qd5 Qxa5 25. Qxd6 Kg7 26. b4 Qd8 27. Qxd8
Rxd8 28. d4 Kf6 29. Kf1 g4 30. Nd2 Nxd4 31. cxd4 Rxd4 32. Ne4+ Kg6 33. b5 axb5
34. f3 h5 35. Rb1 b4 36. Nc5 Rd5 37. Nxb7 g3 38. hxg3 fxg3 39. Ke2 Kf6 40. Rxb4
Ke7 41. Ke3 f5 42. Rd4 f4+ 43. Rxf4 Rb5 44. Re4+ Kf6 45. Nd6 Rb2 46. Kf4 h4 47.
Kg4 Rxg2 48. Kxh4 Rg1 49. Re2 Kg6 50. Ne4 Kf5 51. Nd2 Kf4 52. Re4+ Kf5 53. Nc4
Kf6 54. Ne3 1-0

[Event "4NCL Division 1a"]
[Site "Birmingham, ENG ENG"]
[Date "2015.11.15"]
[Round "2.126"]
[White "Griffiths, Ryan Rhys"]
[Black "Povah, Nigel E"]
[Result "1-0"]
[WhiteElo "2340"]
[BlackElo "2310"]
[PlyCount "87"]
[EventDate "2015.11.15"]
[WhiteTeam "Barbican 4NCL 1"]
[BlackTeam "Guildford 2"]

1. c4 e5 2. g3 Nf6 3. Bg2 h6 4. a3 a5 5. Nc3 Nc6 6. Nf3 Bc5 7. d3 d6 8. O-O O-O
9. e3 Bf5 10. b3 Qd7 11. Bb2 Bg4 12. Qc2 Rfe8 13. Nd5 Nxd5 14. cxd5 Bxf3 15.
Bxf3 Ne7 16. Bxe5 Qf5 17. Bg2 Nxd5 18. Bxd5 Rxe5 19. Bxb7 Rb8 20. Bg2 Bb6 21.
b4 axb4 22. axb4 g6 23. Rfc1 Re7 24. d4 Qxc2 25. Rxc2 f5 26. Bd5+ Kg7 27. Kg2
Ree8 28. Kf3 h5 29. h4 Kf6 30. Rca2 Re7 31. Ra8 Ree8 32. Rxb8 Rxb8 33. Bc6 Rh8
34. Rh1 Rb8 35. Ke2 Ke6 36. Kd3 d5 37. Rc1 Ba7 38. Ra1 Bb6 39. Rc1 Ba7 40. Ba4
Bb6 41. Rc6+ Kf7 42. Bb3 Rd8 43. Ke2 Kg7 44. Kf3 1-0

[Event "4NCL Division 1a"]
[Site "Birmingham, ENG ENG"]
[Date "2015.11.15"]
[Round "2.127"]
[White "Kalaiyalahan, Akshaya"]
[Black "Cox, John J"]
[Result "0-1"]
[WhiteElo "2231"]
[BlackElo "2346"]
[PlyCount "106"]
[EventDate "2015.11.15"]
[WhiteTeam "Guildford 2"]
[BlackTeam "Barbican 4NCL 1"]

1. d4 Nf6 2. Nf3 e6 3. g3 b5 4. Bg2 d5 5. a4 b4 6. c4 bxc3 7. bxc3 Ba6 8. O-O
Nbd7 9. Re1 c5 10. Ba3 Be7 11. Nbd2 O-O 12. e4 Nxe4 13. Nxe4 dxe4 14. Rxe4 Bb7
15. Re1 cxd4 16. Bxe7 Qxe7 17. Qxd4 Nc5 18. Rab1 Rac8 19. Ne5 Bxg2 20. Kxg2 Rc7
21. Red1 Rfc8 22. Qf4 h6 23. h4 Qe8 24. Rb4 Na6 25. Rb2 f6 26. Ng4 Nc5 27. Rbd2
h5 28. Ne3 Nxa4 29. c4 Nc5 30. Qf3 a5 31. Kh2 a4 32. Re2 Qg6 33. Ng2 Qg4 34.
Qe3 e5 35. f4 e4 36. Red2 Qe6 37. Rd8+ Kh7 38. Rxc8 Qxc8 39. f5 Qxf5 40. Nf4
Rd7 41. Rd5 Rxd5 42. cxd5 Nd3 43. d6 Nxf4 44. gxf4 Qd5 45. d7 Qxd7 46. Qxe4+ f5
47. Qe2 g6 48. Qa2 Qa7 49. Kg2 a3 50. Kh2 Qe7 51. Kg3 Kh6 52. Qa1 Qe3+ 53. Kg2
Qe2+ 0-1

[Event "4NCL Division 1a"]
[Site "Birmingham, ENG ENG"]
[Date "2015.11.15"]
[Round "2.128"]
[White "Lauterbach, Ingrid"]
[Black "Emerson, Roger"]
[Result "0-1"]
[WhiteElo "2077"]
[BlackElo "2194"]
[PlyCount "64"]
[EventDate "2015.11.15"]
[WhiteTeam "Barbican 4NCL 1"]
[BlackTeam "Guildford 2"]

1. e4 c6 2. d3 d5 3. Nd2 e5 4. Ngf3 Bd6 5. g3 f5 6. Bg2 fxe4 7. dxe4 Nf6 8. Qe2
O-O 9. O-O Re8 10. Re1 Na6 11. exd5 cxd5 12. Nb3 Bg4 13. Qd2 Qd7 14. Ng5 Bf8
15. h3 Bf5 16. g4 Bg6 17. Nf3 Ne4 18. Qe2 h6 19. Nh4 Bh7 20. c4 Nac5 21. cxd5
Nxb3 22. axb3 Nc5 23. Be3 Nd3 24. Red1 e4 25. Rxa7 Rxa7 26. Bxa7 Qxd5 27. f3
Bc5+ 28. Bxc5 Qxc5+ 29. Kh2 e3 30. Bf1 Qe5+ 31. Kg1 Qg3+ 32. Ng2 Ne5 0-1

[Event "4NCL Division 1a"]
[Site "Birmingham, ENG ENG"]
[Date "2015.11.15"]
[Round "2.131"]
[White "Ivell, Nicholas W"]
[Black "Bauer, Christian"]
[Result "0-1"]
[WhiteElo "2244"]
[BlackElo "2627"]
[PlyCount "86"]
[EventDate "2015.11.15"]
[WhiteTeam "Spirit of Atticus A"]
[BlackTeam "3Cs 1"]

1. e4 c5 2. Nf3 e6 3. d4 cxd4 4. c3 d3 5. c4 Nc6 6. Bxd3 Nge7 7. O-O Ng6 8. Nc3
b6 9. Be3 Bc5 10. Qd2 O-O 11. Rad1 Bb7 12. Be2 Qb8 13. Bxc5 bxc5 14. Na4 d6 15.
Nc3 Rd8 16. Qe3 e5 17. Nd5 Nd4 18. Nxd4 exd4 19. Qd2 Re8 20. Bd3 Ne5 21. b3 a5
22. h3 Bxd5 23. cxd5 Qb4 24. Qc2 a4 25. f4 axb3 26. axb3 Nxd3 27. Qxd3 Ra3 28.
e5 Rxb3 29. Qf5 Qb7 30. exd6 g6 31. d7 Rd8 32. Qg5 Qxd7 33. Rde1 Qd6 34. f5 Rg3
35. Qh6 Qxd5 36. Rf2 gxf5 37. Rfe2 Rf8 38. Qd2 Rg6 39. Re5 Qc6 40. R1e2 f4 41.
Qxf4 d3 42. Rf2 c4 43. Re4 c3 0-1

[Event "4NCL Division 1a"]
[Site "Birmingham, ENG ENG"]
[Date "2015.11.15"]
[Round "2.132"]
[White "Gordon, Stephen J"]
[Black "Carleton, John J"]
[Result "1-0"]
[WhiteElo "2498"]
[BlackElo "2290"]
[PlyCount "87"]
[EventDate "2015.11.15"]
[WhiteTeam "3Cs 1"]
[BlackTeam "Spirit of Atticus A"]

1. Nf3 d5 2. g3 Nf6 3. Bg2 e6 4. O-O Be7 5. c4 O-O 6. d4 c6 7. Qc2 Nbd7 8. Nbd2
b6 9. e4 a5 10. e5 Ne8 11. cxd5 cxd5 12. Re1 Ba6 13. Nf1 Rc8 14. Qd1 Bb4 15.
Bg5 Qc7 16. Re3 Nb8 17. a3 Be7 18. Rc3 Qd7 19. Rxc8 Bxc8 20. h4 Nc6 21. Rc1 f6
22. exf6 Nxf6 23. Ne5 Nxe5 24. dxe5 Ne4 25. Bxe4 Bxg5 26. Bxh7+ Kxh7 27. hxg5
Qf7 28. Qd3+ Qg6 29. Qxg6+ Kxg6 30. f4 Kf5 31. Kf2 d4 32. Rc7 Ba6 33. Nd2 Rh8
34. Nf3 Rh1 35. Nxd4+ Ke4 36. Nxe6 Rh2+ 37. Kg1 Rxb2 38. g6 Kf3 39. Rc3+ Kg4
40. Nd4 Rd2 41. Nc2 Kh3 42. Ne3 Re2 43. f5 Kxg3 44. f6 1-0

[Event "4NCL Division 1a"]
[Site "Birmingham, ENG ENG"]
[Date "2015.11.15"]
[Round "2.133"]
[White "House, Glenn L"]
[Black "Ashton, Adam G"]
[Result "0-1"]
[WhiteElo "2237"]
[BlackElo "2385"]
[PlyCount "80"]
[EventDate "2015.11.15"]
[WhiteTeam "Spirit of Atticus A"]
[BlackTeam "3Cs 1"]

1. Nf3 Nf6 2. g3 g6 3. Bg2 Bg7 4. O-O O-O 5. d3 d5 6. Nbd2 c5 7. e4 Nc6 8. Re1
e6 9. c3 b5 10. exd5 Nxd5 11. Nb3 Qb6 12. h4 Bb7 13. h5 Rad8 14. hxg6 hxg6 15.
Qe2 b4 16. c4 Nde7 17. Be3 Nd4 18. Nbxd4 cxd4 19. Bf4 Nc6 20. Qd2 Rfe8 21. Bh6
e5 22. Re4 Bf6 23. Bg5 Ne7 24. Rh4 Nf5 25. Rh2 e4 26. dxe4 Bxe4 27. c5 Qc6 28.
Bxf6 Qxf6 29. Qf4 Bxf3 30. Bxf3 Qe5 31. Qxe5 Rxe5 32. c6 Rc5 33. Kg2 d3 34.
Rhh1 d2 35. Rad1 Ne7 36. Rh4 Nxc6 37. Re4 Rc2 38. Re3 Na5 39. b3 Rxa2 40. Rb1
Rc2 0-1

[Event "4NCL Division 1a"]
[Site "Birmingham, ENG ENG"]
[Date "2015.11.15"]
[Round "2.134"]
[White "Longson, Alexander"]
[Black "Lund, D Brett"]
[Result "0-1"]
[WhiteElo "2332"]
[BlackElo "2280"]
[PlyCount "38"]
[EventDate "2015.11.15"]
[WhiteTeam "3Cs 1"]
[BlackTeam "Spirit of Atticus A"]

1. e4 c5 2. Be2 d5 3. exd5 Qxd5 4. Nf3 Nc6 5. O-O Nf6 6. Na3 Bg4 7. c3 e6 8. d4
cxd4 9. Nb5 O-O-O 10. Nfxd4 Nxd4 11. Nxd4 Bxe2 12. Qxe2 e5 13. Nf3 e4 14. Ng5
Bd6 15. Rd1 Qxd1+ 16. Qxd1 Bxh2+ 17. Kxh2 Rxd1 18. Nxf7 Re8 19. Ng5 Rf1 0-1

[Event "4NCL Division 1a"]
[Site "Birmingham, ENG ENG"]
[Date "2015.11.15"]
[Round "2.135"]
[White "Quillan, Gary"]
[Black "Horton, Andrew P"]
[Result "1-0"]
[WhiteElo "2305"]
[BlackElo "2313"]
[PlyCount "73"]
[EventDate "2015.11.15"]
[WhiteTeam "Spirit of Atticus A"]
[BlackTeam "3Cs 1"]

1. e4 e5 2. Nf3 Nc6 3. Bb5 a6 4. Ba4 Nf6 5. O-O Be7 6. Re1 b5 7. Bb3 d6 8. c3
O-O 9. d4 Bg4 10. d5 Na5 11. Bc2 c6 12. h3 Bc8 13. dxc6 Qc7 14. Nbd2 Qxc6 15.
a4 Be6 16. Nf1 Rfe8 17. Ng3 Nc4 18. Ng5 Bd7 19. b3 Na5 20. Bd2 Qc7 21. axb5
axb5 22. Qe2 h6 23. Nf3 Be6 24. Reb1 Reb8 25. Ra2 Ra7 26. Rba1 Nc6 27. Rxa7
Nxa7 28. b4 Nc6 29. Bd3 Qb7 30. Nh4 Bf8 31. Nhf5 Ne7 32. Nxd6 Qd7 33. Ra6 Nc6
34. Bxb5 Qxd6 35. Bxc6 Qc7 36. b5 Bd7 37. Nf5 1-0

[Event "4NCL Division 1a"]
[Site "Birmingham, ENG ENG"]
[Date "2015.11.15"]
[Round "2.136"]
[White "Walton, Alan J"]
[Black "Mitchell, Martin"]
[Result "1-0"]
[WhiteElo "2194"]
[BlackElo "2202"]
[PlyCount "93"]
[EventDate "2015.11.15"]
[WhiteTeam "3Cs 1"]
[BlackTeam "Spirit of Atticus A"]

1. d4 Nf6 2. Bg5 d6 3. Nc3 g6 4. e4 c6 5. Qd2 Bg7 6. h3 O-O 7. Nf3 Qc7 8. Bd3
e5 9. O-O Nbd7 10. Ne2 exd4 11. Nexd4 Re8 12. Rae1 Nc5 13. Qf4 Nh5 14. Qc1 Nf6
15. Re2 Ncxe4 16. Rfe1 d5 17. c4 Bd7 18. cxd5 Nxg5 19. Qxg5 Nxd5 20. Bc4 Bf6
21. Qd2 Rxe2 22. Rxe2 Nb6 23. Bb3 c5 24. Qh6 Rf8 25. Rc2 Qd6 26. Ne2 c4 27. Rd2
Qe7 28. Bc2 Bg7 29. Qf4 Bxb2 30. Be4 c3 31. Rc2 Ba4 32. Ned4 Bxc2 33. Bxc2 Ba3
34. Qh6 Bd6 35. g3 Qf6 36. Nf5 Rd8 37. Ng5 Qh8 38. Bb3 Rd7 39. Nxf7 Rxf7 40.
Nxd6 Qg7 41. Bxf7+ Kh8 42. Qh4 h6 43. Bb3 a5 44. Nf7+ Kh7 45. Ng5+ Kh8 46. Ne6
g5 47. Qh5 1-0

[Event "4NCL Division 1a"]
[Site "Birmingham, ENG ENG"]
[Date "2015.11.15"]
[Round "2.137"]
[White "Jackson, Sheila"]
[Black "Abbas, Daniel"]
[Result "1/2-1/2"]
[WhiteElo "2148"]
[BlackElo "2245"]
[PlyCount "138"]
[EventDate "2015.11.15"]
[WhiteTeam "Spirit of Atticus A"]
[BlackTeam "3Cs 1"]

1. e4 c5 2. c3 d5 3. exd5 Qxd5 4. d4 e6 5. Nf3 Nf6 6. Be3 cxd4 7. cxd4 Bb4+ 8.
Nc3 O-O 9. Bd3 Bd7 10. O-O Bxc3 11. bxc3 Bb5 12. Bxb5 Qxb5 13. Rb1 Qd5 14. Qe2
Nc6 15. c4 Qd7 16. Rfd1 Rac8 17. Bg5 b6 18. Rb5 Ne8 19. d5 Na5 20. Ne5 Qd6 21.
Bd2 f6 22. Bxa5 Qxe5 23. Qxe5 fxe5 24. Bb4 Rf4 25. d6 Nf6 26. Rxe5 Rfxc4 27.
Be1 Kf7 28. f3 Rd8 29. Bg3 Nd5 30. Ree1 b5 31. a3 a6 32. Be5 Rc6 33. f4 g6 34.
Rd3 Nb6 35. g4 Nc4 36. Red1 Rc5 37. Re1 Rd5 38. Rc3 Rd7 39. Rh3 Kg8 40. Bc3
R5xd6 41. Bb4 Rd1 42. Kf2 Rxe1 43. Kxe1 Rd4 44. Rf3 Rd5 45. h3 Kf7 46. Ke2 Nb6
47. Rc3 Nc4 48. Rd3 Nb6 49. Rc3 Nc4 50. Rd3 Rxd3 51. Kxd3 e5 52. fxe5 Nxe5+ 53.
Kd4 Ke6 54. Ke4 Nc6 55. Bc3 a5 56. h4 b4 57. axb4 axb4 58. Bb2 Na5 59. Kd4 Kd6
60. h5 Nc6+ 61. Ke4 Kc5 62. hxg6 hxg6 63. Kf4 Kc4 64. Kg5 Ne7 65. Kf6 Kb3 66.
Be5 Nc6 67. Bd6 Kc4 68. Bxb4 Kxb4 69. Kxg6 Ne5+ 1/2-1/2